000 00672cam a2200229 4500
001 J105608
008 000000n1999 000 0 eng u
035 _a(Sirsi) u105608
050 _a692.9
110 _aJoint Contracts Tribunal
_93664
245 _aDomestic sub-contract DOM/1 : Guidance note 1999.
260 _aLondon
_bConstruction Confederation
_c1999
300 _a16p. ; 30cm.
350 _a7.00
650 _aJCT STANDARD FORM OF BUILDING CONTRACT 1998
650 _aDOM/1
650 _aDOMESTIC SUB-CONTRACTS
650 _aSUB-CONTRACT CONDITIONS
650 _aGUIDANCE NOTES
690 _aBUILT ENVIRONMENT-BUILDING CONTRACT FORMS
942 _n0
999 _c100443
_d100443